[Event "Nacional Sub 14 Femenino"]
[Site "Santiago de Cali Valle"]
[Date "????.??.??"]
[Round "8.2"]
[White "Chirivi, Angie"]
[Black "Pachon, Adriana"]
[Result "0-1"]
[WhiteElo "1543"]
[BlackElo "1680"]
[PlyCount "118"]
[EventDate "2007.03.30"]

1. e4 e5 2. Nc3 Nf6 3. f4 d6 4. Nf3 Nc6 5. Bb5 Bd7 6. fxe5 Nxe5 7. Bxd7+ Qxd7
8. O-O Be7 9. d4 Nxf3+ 10. Qxf3 O-O 11. Bd2 Qc6 12. e5 Qxf3 13. Rxf3 dxe5 14.
dxe5 Nd7 15. Re1 Rae8 16. Kf1 Bc5 17. Bf4 Bd4 18. Rd1 c5 19. Ne2 Nxe5 20. Bxe5
Bxe5 21. Rd7 Rb8 22. Rb3 b6 23. Rxa7 Rfd8 24. Ke1 Rd6 25. g3 Rbd8 26. Ra6 Rb8
27. c3 Kf8 28. c4 Re6 29. Kf2 Rf6+ 30. Ke3 Re8 31. Kd3 Rd6+ 32. Kc2 Bxb2 33.
Nf4 Bf6 34. Rbxb6 Rd4 35. Ra4 Bg5 36. Rc6 Bxf4 37. gxf4 Rxf4 38. Rxc5 Rf2+ 39.
Kd3 Rxh2 40. Rc7 Rd8+ 41. Ke3 Rh3+ 42. Ke4 Rh4+ 43. Ke3 Re8+ 44. Kd3 h5 45.
Raa7 Rf4 46. Rc5 g6 47. a4 h4 48. Rg5 Ree4 49. a5 Rxc4 50. a6 Ra4 51. Rb5 Ra3+
52. Ke2 Rfa4 53. Ra8+ Kg7 54. Rb6 h3 55. Kf2 Rc3 56. Rb2 Rca3 57. Rb6 Rh4 58.
Rb1 g5 59. a7 g4 0-1

[Event "Nacional Sub 14 Femenino"]
[Site "Santiago de Cali Valle"]
[Date "????.??.??"]
[Round "8.3"]
[White "Granada, Angie"]
[Black "Calderon, Karen"]
[Result "0-1"]
[WhiteElo "1671"]
[BlackElo "1483"]
[PlyCount "60"]
[EventDate "2007.03.30"]

1. e4 c5 2. Nf3 d6 3. d4 cxd4 4. Nxd4 Nf6 5. Nc3 a6 6. f3 e6 7. Be3 Nc6 8. Qd2
Be7 9. O-O-O O-O 10. g4 Nxd4 11. Bxd4 b5 12. g5 Nd7 13. Rg1 Qc7 14. h4 b4 15.
Ne2 a5 16. h5 Ne5 17. Qd3 Nxd3+ 18. Rxd3 Ba6 19. Rd2 Bxe2 20. Bxe2 a4 21. g6 h6
22. gxf7+ Rxf7 23. Bd1 Bg5 24. Rxg5 hxg5 25. Rg2 d5 26. exd5 Qf4+ 27. Rd2 exd5
28. Bf2 Re7 29. Bg1 b3 30. axb3 axb3 0-1

[Event "Nacional Sub 14 Femenino"]
[Site "Santiago de Cali Valle"]
[Date "????.??.??"]
[Round "8.4"]
[White "Fiesco, Ivonne"]
[Black "Chavez, Diana"]
[Result "1-0"]
[WhiteElo "1654"]
[BlackElo "1603"]
[PlyCount "51"]
[EventDate "2007.03.30"]

1. c4 Nf6 2. Nc3 g6 3. d4 d5 4. e3 Bg7 5. Nf3 O-O 6. b3 c6 7. c5 Nbd7 8. Bb2 b6
9. b4 a5 10. a3 Qc7 11. Qc1 Bb7 12. Bd3 axb4 13. axb4 Rxa1 14. Bxa1 Ra8 15. O-O
Nb8 16. Qc2 Ba6 17. Rb1 Bxd3 18. Qxd3 Na6 19. Qd1 Qa7 20. Qb3 Qb7 21. Qd1 Qa7
22. Na4 bxc5 23. bxc5 Ne4 24. Nb6 Rb8 25. Qa4 Nd2 26. Nxd2 1-0

[Event "Nacional Sub 14 Femenino"]
[Site "Santiago de Cali Valle"]
[Date "????.??.??"]
[Round "8.5"]
[White "Baquero, Yuri"]
[Black "Pulido, Lina"]
[Result "0-1"]
[WhiteElo "1631"]
[BlackElo "1585"]
[PlyCount "98"]
[EventDate "2007.03.30"]

1. e4 e5 2. Nf3 Nc6 3. Bc4 Bc5 4. c3 Nf6 5. d4 exd4 6. cxd4 Bb4+ 7. Bd2 Bxd2+
8. Nbxd2 d5 9. Bb5 dxe4 10. Bxc6+ bxc6 11. Ne5 O-O 12. Nb3 Nd7 13. Nxc6 Qg5 14.
O-O Nb6 15. g3 Bg4 16. Qd2 Qh5 17. Qf4 Rfe8 18. Ne5 f5 19. Nxg4 Qxg4 20. Qxc7
Rec8 21. Qf4 Qxf4 22. gxf4 Rc2 23. Rab1 Rac8 24. Kg2 Nc4 25. Kg3 Nxb2 26. Rfc1
Nd3 27. Rf1 Rxa2 28. Nc1 Rcc2 29. Nxd3 exd3 30. Kf3 Rcb2 31. Rbc1 Rc2 32. Rb1
d2 33. Rfd1 a5 34. Ke2 a4 35. d5 Rcb2 36. Rxb2 Rxb2 37. Ra1 Rb5 38. Rxa4 Rxd5
39. Ra1 Kf7 40. Rd1 Kg6 41. Rxd2 Rxd2+ 42. Kxd2 Kh5 43. Ke3 Kg4 44. f3+ Kh3 45.
Ke2 Kxh2 46. Kf2 Kh3 47. Ke2 Kg3 48. Ke3 h5 49. Ke2 Kg2 0-1

[Event "Nacional Sub 14 Femenino"]
[Site "Santiago de Cali Valle"]
[Date "????.??.??"]
[Round "8.6"]
[White "Castrillon, Melissa"]
[Black "Ruiz, Camila"]
[Result "1-0"]
[WhiteElo "1618"]
[BlackElo "1500"]
[PlyCount "109"]
[EventDate "2007.03.30"]

1. e4 c5 2. Nf3 d6 3. d4 cxd4 4. Nxd4 Nf6 5. Nc3 a6 6. f3 e5 7. Nb3 Be6 8. Be3
Nbd7 9. Nd5 Bxd5 10. exd5 Be7 11. Qd2 b5 12. O-O-O O-O 13. g4 Nb6 14. Bxb6 Qxb6
15. h4 a5 16. Kb1 Rfc8 17. Bd3 a4 18. Nc1 b4 19. h5 b3 20. g5 Nd7 21. g6 fxg6
22. hxg6 h6 23. Bf5 Rc7 24. Be6+ Kf8 25. cxb3 axb3 26. a3 Bg5 27. Qd3 Nf6 28.
Qxb3 Rxc1+ 29. Ka2 Qxb3+ 30. Kxb3 Rxd1 31. Rxd1 e4 32. fxe4 Nxe4 33. Rf1+ Bf6
34. Ka2 Ke7 35. Re1 Rb8 36. b4 Ng5 37. Bf5+ Kf8 38. Bd3 Re8 39. Rc1 Be5 40. b5
Bd4 41. Rc6 Ne4 42. Rc4 Nc3+ 43. Kb3 Nxb5 44. a4 Rb8 45. axb5 Rxb5+ 46. Ka4
Rxd5 47. Be4 Rc5 48. Rxd4 Rc1 49. Kb5 Rc8 50. Rxd6 Rb8+ 51. Kc6 Rc8+ 52. Kd7
Re8 53. Bd5 Re7+ 54. Kc6 Re8 55. Bf7 $138 {Tiempo} 1-0

[Event "Nacional Sub 14 Femenino"]
[Site "Santiago de Cali Valle"]
[Date "????.??.??"]
[Round "8.7"]
[White "Mora, Monica"]
[Black "Renteria, Manuela"]
[Result "1-0"]
[WhiteElo "1688"]
[BlackElo "1605"]
[PlyCount "99"]
[EventDate "2007.03.30"]

1. e4 e5 2. Nf3 Nc6 3. Bc4 Bc5 4. b4 Bxb4 5. c3 Bd6 6. d3 h6 7. Be3 Qf6 8. Nbd2
Nge7 9. Nf1 O-O 10. Ng3 Re8 11. Nh5 Qg6 12. Nh4 Qh7 13. Qg4 Bc5 14. Nf6+ Kh8
15. Nxh7 d6 16. Qe2 Kxh7 17. Bxc5 dxc5 18. Bxf7 Rf8 19. Bb3 Bd7 20. O-O Rf6 21.
g3 Raf8 22. Ng2 Bh3 23. Bd5 Nd8 24. Qh5 Bxg2 25. Kxg2 Ndc6 26. Rab1 g6 27. Qd1
b6 28. Bxc6 Nxc6 29. Qd2 Nd8 30. f4 exf4 31. Rxf4 Ne6 32. Rxf6 Rxf6 33. Rf1
Rxf1 34. Kxf1 Ng5 35. Qf4 c6 36. Qc7+ Kg8 37. Qxc6 Nf3 38. Qa8+ Kf7 39. Qxa7+
Ke6 40. Qxb6+ Ke7 41. a4 Nxh2+ 42. Kg2 Ng4 43. a5 Ne3+ 44. Kh3 g5 45. a6 g4+
46. Kh4 Kf7 47. a7 Kg7 48. a8=R Nf1 49. Ra7+ Kf8 50. Qb8# 1-0

[Event "Nacional Sub 14 Femenino"]
[Site "Santiago de Cali Valle"]
[Date "????.??.??"]
[Round "8.8"]
[White "Ocampo, Derly"]
[Black "Moreno, Ana"]
[Result "1-0"]
[WhiteElo "1535"]
[BlackElo "1634"]
[PlyCount "103"]
[EventDate "2007.03.30"]

1. e4 c5 2. Nf3 d6 3. d4 cxd4 4. Nxd4 Nf6 5. Nc3 a6 6. Be2 e5 7. Nb3 Be6 8. Be3
Qc7 9. O-O Nbd7 10. f4 Rc8 11. Rc1 exf4 12. Bxf4 Qb6+ 13. Kh1 Rxc3 14. bxc3
Nxe4 15. Qd4 d5 16. Qxb6 Nxb6 17. Be5 f6 18. Bd4 Na4 19. Rf3 Bg4 20. Re3 Kf7
21. Bxg4 Nf2+ 22. Kg1 Nxg4 23. Rd3 g6 24. Rb1 Bd6 25. h3 Ne5 26. Rdd1 Ke6 27.
Nd2 b5 28. Re1 Rc8 29. Rb3 Bc5 30. Re3 Kf5 31. Bxc5 Rxc5 32. Nf3 Nxf3+ 33.
Rxf3+ Ke6 34. Kf1 f5 35. Ke1 Rc4 36. Kd2 Re4 37. Rb4 Ke5 38. Rxe4+ dxe4 39. Rg3
Kf4 40. Re3 Nc5 41. g3+ Kg5 42. c4 bxc4 43. Kc3 f4 44. gxf4+ Kxf4 45. Re1 Kf3
46. Kxc4 Kf2 47. Rh1 Ne6 48. Kd5 Ng5 49. h4 Kg2 50. hxg5 Kxh1 51. Kxe4 Kh2 52.
c4 1-0

[Event "Nacional Sub 14 Femenino"]
[Site "Santiago de Cali Valle"]
[Date "????.??.??"]
[Round "8.9"]
[White "Monsalve, Luz Adriana"]
[Black "Zambrano, Jenny"]
[Result "0-1"]
[WhiteElo "1613"]
[BlackElo "1411"]
[PlyCount "120"]
[EventDate "2007.03.30"]

1. e4 d5 2. exd5 Nf6 3. d4 Nxd5 4. c4 Nb6 5. c5 Nd5 6. Nc3 Be6 7. Nf3 Bg4 8. h3
Bh5 9. Bc4 Nxc3 10. bxc3 Nc6 11. Qb3 Na5 12. Qa4+ c6 13. g4 Bg6 14. Ne5 e6 15.
O-O Nxc4 16. Nxc4 Bd3 17. Rd1 Be4 18. Ne3 Qh4 19. Kf1 Qxh3+ 20. Ke1 Bf3 21. Ba3
Be7 22. Rd2 Bg5 23. Nf1 Qxg4 24. Rd3 Qe4+ 25. Re3 Bxe3 26. Nxe3 O-O 27. Qc2 f5
28. Qxe4 fxe4 29. Nc4 h5 30. Kd2 Rf6 31. Ne5 Rh6 32. Nxf3 exf3 33. Rh1 Rf8 34.
Ke3 g5 35. Kd3 Rf4 36. Bc1 Rg4 37. Ke3 Rf4 38. Kd3 Rf5 39. Ke3 h4 40. Ke4 Rh5
41. Kd3 g4 42. Rg1 Kf7 43. Rxg4 e5 44. dxe5 Rxe5 45. Rf4+ Ref5 46. Ke3 Rxf4 47.
Kxf4 h3 48. Kg4 h2 49. Kxh5 h1=Q+ 50. Kg4 Qxc1 51. Kxf3 Qxc3+ 52. Kg4 Qe5 53.
f4 Qe4 54. Kg5 Qg6+ 55. Kh4 Kf6 56. a4 Kf5 57. Kh3 Kxf4 58. Kh2 Qg4 59. Kh1 Kf3
60. a5 Qg2# 0-1

[Event "Nacional Sub 14 Femenino"]
[Site "Santiago de Cali Valle"]
[Date "????.??.??"]
[Round "8.10"]
[White "Rodriguez, Paula"]
[Black "Maldonado, Lina"]
[Result "1-0"]
[WhiteElo "1705"]
[BlackElo "1496"]
[PlyCount "113"]
[EventDate "2007.03.30"]

1. d4 Nf6 2. c4 g6 3. Nc3 d5 4. Nf3 Bg7 5. e3 O-O 6. Bd3 c5 7. O-O Nc6 8. dxc5
dxc4 9. Bxc4 Qa5 10. Bd2 Qxc5 11. Be2 Bf5 12. a3 Rfd8 13. Rc1 Qd6 14. Nb5 Qd7
15. Bc3 a6 16. Qxd7 Rxd7 17. Nbd4 Nxd4 18. Nxd4 Ne4 19. Nxf5 Nxc3 20. Nxe7+
Rxe7 21. bxc3 Rc8 22. Rfd1 Rec7 23. Bf3 b5 24. Rc2 Rxc3 25. Ra2 Rc1 26. Rf1 a5
27. Rd2 R1c2 28. Rd5 R8c5 29. Rd8+ Bf8 30. Rd3 R5c3 31. Rd5 Rb2 32. a4 Rcb3 33.
axb5 Rxb5 34. Rxb5 Rxb5 35. g3 Rb3 36. Ra1 Bb4 37. Kg2 Kf8 38. Bd5 Rc3 39. Kf3
Ke7 40. h4 Kd6 41. Bxf7 Ke5 42. Bg8 Rc7 43. Bb3 Rc6 44. Ke2 Rc3 45. Bg8 Rc2+
46. Kf3 h6 47. Bh7 Kf6 48. h5 Rc7 49. Bxg6 Ra7 50. Bc2 Ke5 51. Ba4 Kf5 52. Rd1
Rf7 53. Ke2 Kg4 54. Rd4+ Kh3 55. Rh4+ Kg2 56. Bc6+ Kg1 57. Rh1# 1-0

[Event "Nacional Sub 14 Femenino"]
[Site "Santiago de Cali Valle"]
[Date "????.??.??"]
[Round "8.11"]
[White "Zapata, Zuleidy"]
[Black "Loaiza, Yurani"]
[Result "0-1"]
[WhiteElo "1650"]
[BlackElo "1411"]
[PlyCount "98"]
[EventDate "2007.03.30"]

1. e4 e5 2. Nf3 Nf6 3. Nxe5 d6 4. Nf3 Nxe4 5. Nc3 Nxc3 6. dxc3 Be7 7. Bc4 Bg4
8. Be3 Nd7 9. h3 Bh5 10. Bb3 O-O 11. g4 Bg6 12. Qd2 Ne5 13. Nxe5 dxe5 14. O-O-O
Be4 15. Rhg1 Bf3 16. Rde1 e4 17. Qxd8 Raxd8 18. Kb1 Bd6 19. Bg5 Rb8 20. Rc1 h6
21. Be3 Bh2 22. Rge1 Rbd8 23. Bc5 Rfe8 24. Be3 a6 25. Bc4 Rd7 26. Be2 Bxe2 27.
Rxe2 Red8 28. a3 Bd6 29. b4 Be5 30. Kb2 Bf6 31. Rce1 Rd1 32. Bf4 Rxe1 33. Rxe1
Re8 34. f3 e3 35. Rxe3 Rxe3 36. Bxe3 Kf8 37. Kb3 Ke7 38. Bd4 Ke6 39. Kc4 g6 40.
Bxf6 Kxf6 41. f4 g5 42. Kd5 gxf4 43. Ke4 Kg5 44. h4+ Kxg4 45. Kd3 f3 46. Kd2
Kg3 47. Ke1 Kg2 48. h5 f2+ 49. Kd1 f1=Q+ 0-1

[Event "Nacional Sub 14 Femenino"]
[Site "Santiago de Cali Valle"]
[Date "????.??.??"]
[Round "8.12"]
[White "Fiesco, Valentina"]
[Black "Zapata, Keila"]
[Result "0-1"]
[WhiteElo "1592"]
[BlackElo "1606"]
[PlyCount "52"]
[EventDate "2007.03.30"]

1. d4 d5 2. e3 e6 3. c4 Nf6 4. Nc3 c5 5. Nf3 Nc6 6. Bd3 Be7 7. O-O O-O 8. Re1
b6 9. b3 Bb7 10. Bb2 dxc4 11. Bxc4 cxd4 12. Nxd4 Nxd4 13. Qxd4 Qxd4 14. exd4
Rfd8 15. Rad1 Rac8 16. Rd2 Bb4 17. Red1 b5 18. Bxb5 Bxc3 19. Bxc3 Rxc3 20. Rd3
Rxd3 21. Rxd3 h6 22. a4 Nd5 23. Kf1 Nf4 24. Rd1 Bxg2+ 25. Kg1 Bf3 26. Rd2 Rd5
0-1

[Event "Nacional Sub 14 Femenino"]
[Site "Santiago de Cali Valle"]
[Date "????.??.??"]
[Round "8.13"]
[White "Ruiz, Justine"]
[Black "Muñoz, Diana"]
[Result "1-0"]
[WhiteElo "1536"]
[BlackElo "1442"]
[PlyCount "99"]
[EventDate "2007.03.30"]

1. e4 c5 2. Nf3 d6 3. d4 cxd4 4. Nxd4 Nf6 5. Nc3 a6 6. Be2 e5 7. Nb3 Be6 8. Be3
Be7 9. O-O O-O 10. f4 exf4 11. Bxf4 Nc6 12. Kh1 d5 13. exd5 Nxd5 14. Nxd5 Qxd5
15. Qxd5 Bxd5 16. Bf3 Bxf3 17. Rxf3 h6 18. Rd1 Bg5 19. Bxg5 hxg5 20. Re3 Rad8
21. Ree1 Rxd1 22. Rxd1 Rd8 23. Rxd8+ Nxd8 24. Nc5 f5 25. Kg1 Kf7 26. Kf2 Kf6
27. h3 Nc6 28. Nxb7 Nb4 29. Nc5 Ke5 30. Nd3+ Nxd3+ 31. cxd3 Kd4 32. Ke2 a5 33.
a3 f4 34. b4 axb4 35. axb4 Kc3 36. b5 Kb4 37. b6 Kb5 38. b7 Kc5 39. b8=Q g6 40.
Qg8 Kd4 41. Qxg6 Ke5 42. Qxg5+ Kd4 43. Qxf4+ Kd5 44. Ke3 Kc5 45. Qe4 Kb5 46.
Qc4+ Ka5 47. Qb3 Ka6 48. Kd4 Ka5 49. Kc5 Ka6 50. Qb6# 1-0

[Event "Nacional Sub 14 Femenino"]
[Site "Santiago de Cali Valle"]
[Date "????.??.??"]
[Round "8.14"]
[White "Bonilla, Camila"]
[Black "Zamora, Isabela"]
[Result "1/2-1/2"]
[WhiteElo "1300"]
[BlackElo "1507"]
[PlyCount "95"]
[EventDate "2007.03.30"]

1. e4 e5 2. Nf3 Nc6 3. Bc4 Bc5 4. O-O d6 5. d3 h6 6. h3 g5 7. Nc3 g4 8. hxg4
Bxg4 9. Be3 Bxe3 10. fxe3 Nf6 11. Qe2 Rg8 12. Kf2 Bxf3 13. Qxf3 Rg6 14. Ke2 Qe7
15. Nd5 Nxd5 16. Bxd5 Rg7 17. Qf6 Rxg2+ 18. Ke1 Qxf6 19. Rxf6 Rxc2 20. Rxh6
O-O-O 21. Bxf7 Rxb2 22. Be6+ Kb8 23. Rd1 Nb4 24. Rd2 Rxd2 25. Kxd2 c6 26. d4 d5
27. exd5 cxd5 28. dxe5 Nxa2 29. Bf7 Kc7 30. Rh7 Kc6 31. e6 Kd6 32. Kd3 Rc8 33.
Ke2 b5 34. Bh5 Rc2+ 35. Kf3 Kxe6 36. Rxa7 b4 37. Bf7+ Kd6 38. Ra6+ Rc6 39. Rxa2
b3 40. Rb2 Rc3 41. Bg6 Kc5 42. Ke2 d4 43. Kd2 Rxe3 44. Bf7 Kb4 45. Bxb3 Rxb3
46. Rxb3+ Kxb3 47. Kd3 Kb2 48. Kxd4 1/2-1/2

[Event "Nacional Sub 14 Femenino"]
[Site "Santiago de Cali Valle"]
[Date "????.??.??"]
[Round "8.15"]
[White "Fong, Shueling"]
[Black "Garzon, Laura"]
[Result "0-1"]
[WhiteElo "1396"]
[BlackElo "1500"]
[PlyCount "70"]
[EventDate "2007.03.30"]

1. e4 e5 2. Nf3 Nc6 3. Bc4 Nf6 4. Ng5 d5 5. exd5 Na5 6. Bb5+ c6 7. dxc6 bxc6 8.
Ba4 h6 9. Nf3 e4 10. Ne5 Qc7 11. Nxf7 Qxf7 12. c3 Bd7 13. b4 Nb7 14. O-O Bd6
15. Re1 O-O 16. Bb3 Be6 17. Bc2 Bd5 18. d3 exd3 19. Bxd3 Rae8 20. Rxe8 Rxe8 21.
c4 Be6 22. Qc2 Qf8 23. Bg6 Bf7 24. g3 Bxb4 25. Bxf7+ Qxf7 26. a3 Bc5 27. Nc3
Ng4 28. Ne4 Qf5 29. Nxc5 Qxc2 30. Kg2 Qxf2+ 31. Kh3 h5 32. Kh4 g6 33. Nxb7 Re5
34. h3 Qf6+ 35. Bg5 Qxg5# 0-1

[Event "Nacional Sub 14 Femenino"]
[Site "Santiago de Cali Valle"]
[Date "????.??.04"]
[Round "8.16"]
[White "Agudelo, Alejandra"]
[Black "Lugo, Luz Adriana"]
[Result "0-1"]
[WhiteElo "1394"]
[BlackElo "1500"]
[PlyCount "46"]
[EventDate "2007.03.30"]

1. e4 e5 2. Nf3 Nc6 3. Nc3 Bc5 4. Bb5 a6 5. Bxc6 dxc6 6. Nxe5 Nf6 7. Nf3 Bg4 8.
d3 h6 9. O-O O-O 10. h3 Bh5 11. Re1 Re8 12. Be3 Bb4 13. Rb1 Bd6 14. Bd2 c5 15.
a3 b6 16. b4 Rb8 17. g4 Nxg4 18. bxc5 Ne5 19. Kf1 Nxf3 20. cxd6 Nxd2+ 21. Qxd2
Qxd6 22. Kg1 Qg6+ 23. Kf1 Bf3 0-1

[Event "Nacional Sub 14 Femenino"]
[Site "Santiago de Cali Valle"]
[Date "????.??.??"]
[Round "8.17"]
[White "Barbosa, Daniela"]
[Black "Gaviria, Maria Angelica"]
[Result "1-0"]
[WhiteElo "1461"]
[BlackElo "1327"]
[PlyCount "107"]
[EventDate "2007.03.30"]

1. e4 e5 2. Nf3 Nc6 3. Bc4 Bc5 4. O-O Nf6 5. Nc3 O-O 6. d3 d6 7. h3 h6 8. Be3
Bxe3 9. fxe3 a6 10. a4 Re8 11. Qe2 Qe7 12. Rad1 Bd7 13. Rd2 Rad8 14. Rf2 Be6
15. Bb3 Bxb3 16. cxb3 Na7 17. d4 exd4 18. Rxd4 c5 19. Rd2 Nxe4 20. Nxe4 Qxe4
21. Rd3 Nc6 22. Nd2 Qe7 23. Rf3 Nb4 24. Rc3 b5 25. Qf2 f6 26. g3 Qe6 27. g4 a5
28. Kf1 Na2 29. Rc2 Nb4 30. Rc3 h5 31. Rg3 hxg4 32. hxg4 Nd5 33. Rd3 Nb4 34.
Rc3 Rf8 35. e4 d5 36. exd5 Qxd5 37. Nf3 f5 38. g5 f4 39. Rg1 Qd1+ 40. Kg2 Rd3
41. Rxd1 Rxd1 42. Qe2 Rfd8 43. Qe6+ Kh7 44. g6+ Kh6 45. Qh3+ Kxg6 46. Ne5+ Kf6
47. Ng4+ Kf7 48. Qh5+ Kf8 49. Qh8+ Kf7 50. Qh5+ Kf8 51. Qf5+ Kg8 52. Nf2 R1d2
53. Qe6+ Kh7 54. Rh3# 1-0

[Event "Nacional Sub 14 Femenino"]
[Site "Santiago de Cali Valle"]
[Date "????.??.??"]
[Round "8.18"]
[White "Rodriguez, Sofia"]
[Black "Loaiza, Angelica"]
[Result "1-0"]
[WhiteElo "1469"]
[BlackElo "1300"]
[PlyCount "41"]
[EventDate "2007.03.30"]

1. e4 e5 2. Nf3 Nc6 3. Bb5 a6 4. Ba4 Nf6 5. O-O d6 6. h3 Bd7 7. Re1 Be7 8. c3
O-O 9. d4 exd4 10. cxd4 b5 11. Bc2 Nb4 12. Bb3 Bc6 13. d5 Bb7 14. a3 Nbxd5 15.
exd5 a5 16. Bg5 h6 17. Bxf6 Bxf6 18. Bc2 b4 19. Qd3 Re8 20. Qh7+ Kf8 21. Qh8#
1-0

[Event "Nacional Sub 14 Femenino"]
[Site "Santiago de Cali Valle"]
[Date "????.??.??"]
[Round "8.19"]
[White "Chamorro, Maryuri"]
[Black "Garcia, Mildrey"]
[Result "1/2-1/2"]
[WhiteElo "1339"]
[BlackElo "1373"]
[PlyCount "109"]
[EventDate "2007.03.30"]

1. e4 e5 2. Nf3 Nc6 3. Nc3 Bb4 4. Bb5 Nf6 5. O-O d6 6. h3 a6 7. Ba4 Bd7 8. d4
h6 9. a3 Bxc3 10. bxc3 Nxe4 11. Bb2 b5 12. Bb3 O-O 13. Re1 Nf6 14. dxe5 dxe5
15. Nxe5 Nxe5 16. Rxe5 Bc6 17. Qxd8 Raxd8 18. c4 bxc4 19. Bxc4 Ra8 20. Rc5 Be4
21. Rxc7 Bxc2 22. Bxa6 Rxa6 23. Rxc2 Nd5 24. a4 Nb4 25. Rc4 Nd3 26. Bd4 Rd8 27.
Bc5 Rc8 28. g4 Nxc5 29. Rac1 Ra5 30. Kg2 Kh7 31. Kf3 Nd3 32. Rxc8 Nxc1 33. Rxc1
Rxa4 34. Rc7 f6 35. Kg3 Kg6 36. f4 Kh7 37. Rc5 g5 38. Rc7+ Kg8 39. fxg5 fxg5
40. Rc8+ Kg7 41. h4 Ra3+ 42. Kh2 gxh4 43. Rc7+ Kf6 44. Rc5 Rg3 45. Rf5+ Kg6 46.
Rb5 Rxg4 47. Rb6+ Kf5 48. Rxh6 Kg5 49. Rh8 Rg3 50. Rg8+ Kf4 51. Rf8+ Ke3 52.
Re8+ Kf2 53. Rf8+ Rf3 54. Rxf3+ Kxf3 55. Kh3 1/2-1/2

[Event "Nacional Sub 14 Femenino"]
[Site "Santiago de Cali Valle"]
[Date "????.??.??"]
[Round "8.20"]
[White "Mesa, Brenda"]
[Black "Rios, Jessica"]
[Result "1-0"]
[WhiteElo "1550"]
[BlackElo "1400"]
[PlyCount "59"]
[EventDate "2007.03.30"]

1. e4 e5 2. Nf3 Nc6 3. Bb5 a6 4. Ba4 Nf6 5. O-O Nxe4 6. d4 b5 7. Bb3 exd4 8.
Nxd4 Nxd4 9. Qxd4 Nf6 10. Re1+ Be7 11. Nc3 c6 12. Bg5 O-O 13. Bxf6 Bxf6 14. Qf4
d5 15. Rad1 d4 16. Ne4 Be7 17. c3 c5 18. Qe5 d3 19. Nxc5 d2 20. Re2 Bd6 21.
Rexd2 Qh4 22. Qxd6 Bg4 23. Qf4 Qh5 24. Rd5 g5 25. Rxg5+ Qg6 26. Rxg6+ hxg6 27.
Qxg4 Rae8 28. Qxg6+ Kh8 29. Bxf7 Re7 30. Qh6# 1-0

[Event "Nacional Sub 14 Femenino"]
[Site "Santiago de Cali Valle"]
[Date "????.??.??"]
[Round "8.21"]
[White "Tascon, Juliana"]
[Black "Garcia, Linda"]
[Result "0-1"]
[WhiteElo "1300"]
[BlackElo "1500"]
[PlyCount "50"]
[EventDate "2007.03.30"]

1. e4 c5 2. Bb5 a6 3. Bf1 d6 4. Nc3 Nf6 5. Nf3 Nbd7 6. d3 e6 7. Bg5 Be7 8. Be2
b5 9. Bxf6 Nxf6 10. O-O Bb7 11. Ng5 O-O 12. e5 dxe5 13. Bf3 Bxf3 14. Qxf3 Nd5
15. Nxd5 Qxd5 16. Rfe1 Bxg5 17. Re4 f5 18. Qe2 fxe4 19. Qxe4 Qxe4 20. dxe4 Rf4
21. f3 Rd8 22. a3 Rd2 23. Rc1 Rf8 24. c3 Rxg2+ 25. Kxg2 Bxc1 0-1

[Event "Nacional Sub 14 Femenino"]
[Site "Santiago de Cali Valle"]
[Date "????.??.??"]
[Round "9.1"]
[White "Pachon, Adriana"]
[Black "Castro, Natalia"]
[Result "0-1"]
[WhiteElo "1680"]
[BlackElo "1655"]
[PlyCount "84"]
[EventDate "2007.03.30"]

1. e4 e5 2. Nf3 Nc6 3. Bc4 Bc5 4. c3 Nf6 5. b4 Bb6 6. d3 d6 7. a4 a6 8. Nbd2
O-O 9. O-O Bg4 10. h3 Bh5 11. Qb3 h6 12. a5 Ba7 13. b5 axb5 14. Qxb5 Qc8 15.
Rb1 Nxa5 16. Kh1 Nxc4 17. Qxc4 Bb6 18. Nh4 Qe6 19. Nf5 d5 20. Qb4 Be2 21. Ne7+
Kh8 22. exd5 Nxd5 23. Nxd5 Qxd5 24. c4 Qa5 25. Qxa5 Rxa5 26. Re1 Bxd3 27. Rb3
Bxf2 28. Rd1 Be2 29. Ba3 Bxd1 30. Bxf8 Bxb3 31. Nxb3 Ra2 32. Nc5 Bxc5 33. Bxc5
Rc2 34. Kh2 Rxc4 35. Bf2 b5 36. Bg3 e4 37. Be5 b4 38. Kg3 b3 39. Kf2 Rc2+ 40.
Ke3 b2 41. Bxb2 Rxb2 42. Kxe4 Rxg2 0-1

[Event "Nacional Sub 14 Femenino"]
[Site "Santiago de Cali Valle"]
[Date "????.??.??"]
[Round "9.2"]
[White "Calderon, Karen"]
[Black "Fiesco, Ivone"]
[Result "1-0"]
[WhiteElo "1483"]
[BlackElo "1654"]
[PlyCount "63"]
[EventDate "2007.03.30"]

1. d4 Nf6 2. Nf3 g6 3. Bf4 d6 4. h3 Bg7 5. e3 O-O 6. Nbd2 Re8 7. c3 Nc6 8. Be2
e5 9. dxe5 Nxe5 10. O-O Bf5 11. Nd4 Bd3 12. Bxe5 Bxe2 13. Bxf6 Qxf6 14. Nxe2 g5
15. Ng3 Qe6 16. Nf3 Qg6 17. Rb1 h5 18. Nh2 h4 19. Ne2 Re4 20. Qd3 Rae8 21. Qd5
Kh8 22. Qxb7 f5 23. Qxa7 g4 24. hxg4 fxg4 25. g3 Bh6 26. Kh1 Rxe3 27. Qd4+ R8e5
28. fxe3 Bxe3 29. Qxg4 Rg5 30. Qf3 hxg3 31. Nxg3 Rxg3 32. Qf8+ 1-0

[Event "Nacional Sub 14 Femenino"]
[Site "Santiago de Cali Valle"]
[Date "????.??.??"]
[Round "9.3"]
[White "Salazar, Aura"]
[Black "Castrillon, Melissa"]
[Result "1-0"]
[WhiteElo "1663"]
[BlackElo "1618"]
[PlyCount "115"]
[EventDate "2007.03.30"]

1. e4 c5 2. Nf3 d6 3. d4 cxd4 4. Nxd4 Nf6 5. Nc3 g6 6. f3 Bg7 7. Be3 O-O 8. Qd2
Nc6 9. g4 Be6 10. O-O-O Nxd4 11. Bxd4 Qa5 12. Kb1 Rfc8 13. a3 Rab8 14. g5 Nh5
15. Nd5 Qxd2 16. Rxd2 Bxd5 17. exd5 a6 18. Rg1 b5 19. Rg4 h6 20. h4 Rc7 21.
Bxg7 Kxg7 22. a4 Rcb7 23. axb5 axb5 24. Rb4 Ng3 25. Bd3 hxg5 26. hxg5 Kf8 27.
Rg2 Nh5 28. Rgg4 Ke8 29. c3 Kf8 30. Rb3 Ng7 31. Rgb4 Ne8 32. Rxb5 Rxb5 33. Rxb5
Ra8 34. Rb7 Ng7 35. b4 Nh5 36. Rc7 Rb8 37. Kb2 Nf4 38. Bc4 Nh3 39. b5 Nxg5 40.
Be2 Nh3 41. c4 Nf4 42. Bd1 Nd3+ 43. Kc3 Nc5 44. Ra7 f5 45. Kb4 Kf7 46. Ka5 Kf6
47. b6 g5 48. Kb5 Rb7 49. Rxb7 Nxb7 50. Kc6 Nc5 51. b7 Nxb7 52. Kxb7 Ke5 53.
Kc6 Kd4 54. Bc2 f4 55. Bf5 Kxc4 56. Be6 Kd4 57. Kd7 Ke3 58. Bg4 1-0

[Event "Nacional Sub 14 Femenino"]
[Site "Santiago de Cali Valle"]
[Date "????.??.??"]
[Round "9.4"]
[White "Pulido, Lina"]
[Black "Chirivi, Angie"]
[Result "1/2-1/2"]
[WhiteElo "1585"]
[BlackElo "1546"]
[PlyCount "48"]
[EventDate "2007.03.30"]

1. e4 e5 2. Nf3 Nc6 3. Bc4 Bc5 4. c3 Nf6 5. d4 exd4 6. O-O Nxe4 7. cxd4 d5 8.
Re1 Bb4 9. Bd2 Bxd2 10. Nbxd2 O-O 11. Nxe4 dxc4 12. Rc1 Bg4 13. d5 Ne5 14. Rc3
Nxf3+ 15. gxf3 Bh5 16. Rxc4 f5 17. Nc3 Rf6 18. Re3 Rg6+ 19. Kf1 Qd7 20. Qe2 Qd6
21. Re8+ Rxe8 22. Qxe8+ Qf8 23. Qxf8+ Kxf8 24. Rxc7 Rb6 1/2-1/2

[Event "Nacional Sub 14 Femenino"]
[Site "Santiago de Cali Valle"]
[Date "????.??.??"]
[Round "9.5"]
[White "Mora, Monica"]
[Black "Ocampo, Derly"]
[Result "1/2-1/2"]
[WhiteElo "1688"]
[BlackElo "1535"]
[PlyCount "49"]
[EventDate "2007.03.30"]

1. e4 e5 2. Nf3 Nc6 3. Bc4 Nf6 4. Nc3 Bc5 5. d3 d6 6. h3 h6 7. Be3 Bb6 8. Qd2
Be6 9. Bb3 Qd7 10. Ne2 d5 11. exd5 Bxd5 12. Bxd5 Nxd5 13. Bxb6 axb6 14. d4 exd4
15. Nexd4 Nxd4 16. Qxd4 Qe6+ 17. Kf1 Kf8 18. a3 Nf6 19. Qe5 Qxe5 20. Nxe5 Ke7
21. Re1 Rhe8 22. Ng4+ Kf8 23. Nxf6 gxf6 24. Rxe8+ Rxe8 25. g3 1/2-1/2

[Event "Nacional Sub 14 Femenino"]
[Site "Santiago de Cali Valle"]
[Date "????.??.??"]
[Round "9.6"]
[White "Zambrano, Jenny"]
[Black "Rodriguez, Paula"]
[Result "0-1"]
[WhiteElo "1411"]
[BlackElo "1705"]
[PlyCount "80"]
[EventDate "2007.03.30"]

1. e4 c5 2. c3 Nf6 3. d4 cxd4 4. Qxd4 Nc6 5. Qe3 d6 6. Bc4 e6 7. Nf3 Be7 8. O-O
O-O 9. Re1 Qc7 10. e5 dxe5 11. Nxe5 Nxe5 12. Qxe5 Qxc4 13. Nd2 Qd5 14. Qf4 Qd6
15. Qxd6 Bxd6 16. Nf3 a6 17. Be3 Nd5 18. Rad1 Nxe3 19. Rxd6 Nc4 20. Rd4 Na5 21.
Red1 b5 22. b4 Nc4 23. Rd8 Bb7 24. R8d7 Bxf3 25. gxf3 Ne5 26. Rc7 Nxf3+ 27. Kg2
Ne5 28. Re1 Nc4 29. Rd1 a5 30. bxa5 Rxa5 31. Rb1 Nd6 32. Rd7 Ne4 33. Rd3 Rxa2
34. Rxb5 Nxf2 35. Rf3 Ne4+ 36. Kg1 g6 37. Re3 Nd6 38. Rc5 Rb8 39. Re1 Nf5 40.
Rc4 Rbb2 0-1